000 00319nam a2200145Ia 4500
008 240112s2019 xx 000 0 und d
022 _a0019-5863
041 _aeng
082 _a612
100 _aMEHTA A. K.
245 _aINDIAN MEDICAL GAZETTE
260 _bIMG
_c2019
300 _a34
_cJAN-AUG
440 _v8
999 _c1145844
_d1145844